[Event "September"]
[Site "SchemingMind.com"]
[Date "2011.09.22"]
[Round "-"]
[White "GBEDARD"]
[Black "Yellow"]
[Result "1-0"]
[WhiteCountry "USA"]
[BlackCountry "INT"]
[WhiteElo "2329"]
[WhiteRD "80"]
[BlackElo "2351"]
[BlackRD "62"]
[GameID "293641"]

1. e4 e5 2. Nf3 Nc6 3. Bb5 a6 4. Ba4 Nf6 5. O-O Nxe4 6. d4 b5 7. Bb3 d5 8. dxe5 Be6 9. c3 Bc5 10. Nbd2 O-O
11. Bc2 f5 12. Nb3 Bb6 13. Nfd4 Nxd4 14. Nxd4 Qe7 15. f3 Nc5 16. Be3 f4 17. Bf2 Kh8 18. Re1 Bg8 19. Qd2 Qg5 20. b4 Nd7
21. h4 Qh6 22. Re2 Rae8 23. Rae1 Bxd4 24. Qxd4 Qc6 25. Qd3 Qe6 26. a4 c6 27. h5 Rf7 28. h6 gxh6 29. Qd4 Ra8 30. Bh4 Raf8
31. axb5 axb5 32. Ra1 Rg7 33. Kh1 Qf7 34. e6 Qh5 35. exd7 Qxh4+ 36. Kg1 Bf7 37. Rae1 Qg5 38. Bf5 Rg8 39. Bh3 Qg6 40. Re8 Bxe8
41. d8=Q Bf7 42. Qh4 Ra8 43. Qhxf4 Rf8 44. Re7 Qb1+ 45. Kh2 Qg6 46. Rc7 Kg8 47. Qc5 Re8 48. Qxc6 Qxc6 49. Rxc6 Rg6 50. Rc7 Rf8
51. Bf5 Rg5 52. Rb7 Rh5+ 53. Kg3 Rg5+ 54. Kf2
1-0

[Event "September"]
[Site "SchemingMind.com"]
[Date "2011.09.23"]
[Round "-"]
[White "Yellow"]
[Black "GBEDARD"]
[Result "1-0"]
[WhiteCountry "INT"]
[BlackCountry "USA"]
[WhiteElo "2351"]
[WhiteRD "62"]
[BlackElo "2329"]
[BlackRD "80"]
[GameID "293642"]

1. Nf3 Nf6 2. d4 g6 3. c4 c5 4. d5 e6 5. Nc3 exd5 6. cxd5 d6 7. e4 Bg7 8. Bg5 h6 9. Bh4 a6 10. Nd2 b5
11. Be2 O-O 12. Qc2 Nbd7 13. a4 b4 14. Nd1 Re8 15. Ne3 b3 16. Qb1 Rb8 17. Nec4 Ne5 18. Nxe5 Rxe5 19. O-O Re8 20. Rd1 g5
21. Bg3 Rb4 22. f3 Nh5 23. Bf2 f5 24. Nc4 Nf4 25. Bf1 fxe4 26. fxe4 Bg4 27. Re1 Qe7 28. a5 Rf8 29. Qc1 Ng6 30. Be3 Nh4
31. Nd2 Qd7 32. Kh1 Rxe4 33. Nxe4 Bh5 34. Ra3 Bg6 35. Qc4 Rb8 36. Nxd6 Qxd6 37. Bxc5 Qd8 38. Rxb3 Rxb3 39. Qxb3 Bf7 40. Re7 Nf5
41. Rxf7 Kxf7 42. d6+ Kg6 43. Qe6+ Qf6 44. Qe8+ Kh7 45. Bc4 Nxd6 46. Qg8+ Kg6 47. Bd3+
1-0

[Event "September"]
[Site "SchemingMind.com"]
[Date "2011.09.24"]
[Round "-"]
[White "otsenrechess"]
[Black "GBEDARD"]
[Result "0-1"]
[WhiteCountry "HUN"]
[BlackCountry "USA"]
[WhiteElo "2147"]
[WhiteRD "45"]
[BlackElo "2318"]
[BlackRD "82"]
[GameID "293786"]

1. e4 d6 2. d4 Nf6 3. Nc3 g6 4. f4 Bg7 5. Nf3 O-O 6. Bd3 c5 7. dxc5 dxc5 8. e5 Nd5 9. Nxd5 Qxd5 10. Be3 Nc6
11. c4 Qd8 12. Be4 Qb6 13. O-O Rd8 14. Qb3 Nd4 15. Bxd4 cxd4 16. Qxb6 axb6
0-1

[Event "September"]
[Site "SchemingMind.com"]
[Date "2011.09.24"]
[Round "-"]
[White "otsenrechess"]
[Black "Yellow"]
[Result "0-1"]
[WhiteCountry "HUN"]
[BlackCountry "INT"]
[WhiteElo "2136"]
[WhiteRD "49"]
[BlackElo "2351"]
[BlackRD "62"]
[GameID "293787"]

1. e4 e5 2. Nf3 Nc6 3. Bb5 a6 4. Ba4 Nf6 5. O-O Be7 6. Re1 b5 7. Bb3 d6 8. c3 O-O 9. h3 Nb8 10. d4 Nbd7
11. Nbd2 Bb7 12. Bc2 c5 13. b3 Qc7 14. Bb2 Rfc8 15. d5 c4 16. bxc4 bxc4 17. Ba3 Rab8 18. Rb1 a5 19. Ba4 Ba6 20. Bc6 Rxb1
21. Qxb1 Qa7 22. Qc2 Nc5 23. Bxc5 Qxc5 24. Rb1 Bd8 25. Nf1 Bb6 26. Ne3 Rb8 27. a4 Nh5 28. Nd2 Nf4 29. Kh2 Bc7 30. Rxb8+ Bxb8
31. Qb1 Qa7 32. g3 Nd3
0-1

[Event "September"]
[Site "SchemingMind.com"]
[Date "2011.09.25"]
[Round "-"]
[White "GBEDARD"]
[Black "otsenrechess"]
[Result "1-0"]
[WhiteCountry "USA"]
[BlackCountry "HUN"]
[WhiteElo "2318"]
[WhiteRD "82"]
[BlackElo "2147"]
[BlackRD "45"]
[GameID "293788"]

1. e4 c5 2. Nf3 d6 3. d4 cxd4 4. Nxd4 Nf6 5. Nc3 Nc6 6. Bg5 e6 7. Qd2 Be7 8. O-O-O O-O 9. f4 Nxd4 10. Qxd4 Qa5
11. Bc4 h6 12. Bh4
1-0

[Event "September"]
[Site "SchemingMind.com"]
[Date "2011.09.24"]
[Round "-"]
[White "Yellow"]
[Black "otsenrechess"]
[Result "1-0"]
[WhiteCountry "INT"]
[BlackCountry "HUN"]
[WhiteElo "2340"]
[WhiteRD "63"]
[BlackElo "2147"]
[BlackRD "45"]
[GameID "293789"]

1. Nf3 c5 2. e4 d6 3. d4 cxd4 4. Nxd4 Nf6 5. Nc3 a6 6. Be2 e5 7. Nb3 Be7 8. Be3 Be6 9. O-O O-O 10. Qd2 Nbd7
11. a4 Rc8 12. a5 Qc7 13. Rfc1 Qc6 14. Bf3 Bc4 15. Ra4 Rfe8 16. Rd1 Be6 17. Raa1 Ng4 18. Bxg4 Bxg4 19. f3 Be6 20. Rac1
1-0

[Event "September"]
[Site "SchemingMind.com"]
[Date "2011.09.27"]
[Round "-"]
[White "e_castle3"]
[Black "GBEDARD"]
[Result "0-1"]
[WhiteCountry "PHI"]
[BlackCountry "USA"]
[WhiteElo "1877"]
[WhiteRD "52"]
[BlackElo "2255"]
[BlackRD "85"]
[GameID "294009"]

1. e4 d6 2. d4 Nf6 3. Bd3 e5 4. d5 c6 5. c4 Nbd7 6. Nc3 Nc5 7. Bc2 a5 8. h3 Qb6 9. Rb1 Be7 10. Be3 Qb4
11. Bxc5 Qxc5 12. Qd3 Bd7 13. a3 cxd5 14. cxd5 O-O 15. Nge2 b5 16. b4 axb4 17. axb4 Qb6 18. O-O Ra3 19. Qd2 Rfa8 20. Kh1 Nh5
21. g4 Nf4 22. Nxf4 Bg5 23. Kg2 Bxf4 24. Qe1 Rc8 25. Rb3 Qa7 26. Qb1 Rxc3
0-1

[Event "September"]
[Site "SchemingMind.com"]
[Date "2011.09.27"]
[Round "-"]
[White "e_castle3"]
[Black "Yellow"]
[Result "0-1"]
[WhiteCountry "PHI"]
[BlackCountry "INT"]
[WhiteElo "1850"]
[WhiteRD "56"]
[BlackElo "2340"]
[BlackRD "63"]
[GameID "294010"]

1. e4 e5 2. Nf3 Nc6 3. Bb5 a6 4. Ba4 Nf6 5. O-O Be7 6. Re1 b5 7. Bb3 O-O 8. c3 d6 9. d4 Bg4 10. d5 Na5
11. Bc2 Qc8 12. Bd3 c6 13. dxc6 Rd8 14. h3 Be6 15. Nbd2 Qxc6 16. Nb3 Nc4 17. Nbd2 Nd7 18. b3 Ncb6 19. Bb2 Nc5 20. Bc2 a5
21. Qe2 a4 22. b4 a3 23. Bc1 Nca4 24. Bxa4 Nxa4 25. Nb1 Nxc3 26. Nxc3 Qxc3 27. Bd2 Qc4 28. Qe3 f5 29. exf5 Bxf5 30. Rec1 Qd5
31. Rc7 Bf6 32. g4 Rdc8 33. Rxc8+ Bxc8 34. Kf1 e4
0-1

[Event "September"]
[Site "SchemingMind.com"]
[Date "2011.10.01"]
[Round "-"]
[White "e_castle3"]
[Black "otsenrechess"]
[Result "1-0"]
[WhiteCountry "PHI"]
[BlackCountry "HUN"]
[WhiteElo "1888"]
[WhiteRD "55"]
[BlackElo "2136"]
[BlackRD "49"]
[GameID "294011"]

1. e4 c5 2. Nf3 Nc6 3. Bc4 e6 4. O-O Nf6 5. Re1 d6 6. c3 Be7 7. d4 Nxe4 8. Rxe4 d5 9. Bxd5 Qxd5 10. Re1 O-O
11. Be3 Rd8 12. Nbd2 cxd4 13. Nxd4 e5 14. N4b3 Qd3 15. Qe2 Bf5 16. Qxd3 Rxd3 17. Nf3 Rad8 18. h3 h6 19. Bc5 Bf6 20. Re3 R3d5
21. Rae1 b6 22. Ba3 a5 23. g4 Bg6 24. Kg2 a4 25. Nc1 b5 26. b3 e4 27. Ng1
1-0

[Event "September"]
[Site "SchemingMind.com"]
[Date "2011.09.27"]
[Round "-"]
[White "GBEDARD"]
[Black "e_castle3"]
[Result "1-0"]
[WhiteCountry "USA"]
[BlackCountry "PHI"]
[WhiteElo "2318"]
[WhiteRD "82"]
[BlackElo "1850"]
[BlackRD "56"]
[GameID "294012"]

1. e4 Nc6 2. Nf3 d6 3. d4 Bg4 4. Bb5 a6 5. Bxc6+ bxc6 6. h3 Bh5 7. c4 e6 8. Nc3 Bxf3 9. Qxf3 g6 10. O-O Bg7
11. e5 d5 12. b3 Qh4 13. Rd1 Nh6 14. Ba3 Nf5 15. cxd5 cxd5 16. Ne2 Bf8 17. Bxf8 Kxf8 18. Rac1 Qe7 19. Rc6 Kg7 20. Rdc1 Rhc8
21. Qc3 Ra7 22. Qa5 Qd8 23. Qc5 Rb7 24. Rxa6 Ne7 25. Nf4 c6 26. g4 Rcc7 27. Qa3 Rb8 28. Kg2 Rcb7 29. Qd6 Rd7 30. Qc5 Rb5
31. Qc3 Rdb7 32. h4 h6 33. h5 g5 34. Nd3 Qc8 35. Nc5 Rc7 36. Qd3 Ng8 37. Rxc6 Rxc6 38. Qxb5 Ne7 39. a4 f5 40. exf6+ Kxf6
41. Qe2 Qb8 42. Nd7+
1-0

[Event "September"]
[Site "SchemingMind.com"]
[Date "2011.09.27"]
[Round "-"]
[White "Yellow"]
[Black "e_castle3"]
[Result "1-0"]
[WhiteCountry "INT"]
[BlackCountry "PHI"]
[WhiteElo "2329"]
[WhiteRD "66"]
[BlackElo "1877"]
[BlackRD "52"]
[GameID "294013"]

1. Nf3 Nc6 2. e4 d5 3. exd5 Qxd5 4. d4 e6 5. Nc3 Bb4 6. Bd3 Bxc3+ 7. bxc3 h6 8. c4 Qd8 9. c3 Nf6 10. Ba3 Bd7
11. O-O g6 12. Re1 Nh7 13. d5 Ne7 14. Ne5 Nf8 15. Rb1 Rb8 16. Qf3 Rh7 17. dxe6 Nxe6 18. Rbd1 Rg7 19. Bc2
1-0

[Event "September"]
[Site "SchemingMind.com"]
[Date "2011.10.02"]
[Round "-"]
[White "otsenrechess"]
[Black "e_castle3"]
[Result "1-0"]
[WhiteCountry "HUN"]
[BlackCountry "PHI"]
[WhiteElo "2136"]
[WhiteRD "49"]
[BlackElo "1888"]
[BlackRD "55"]
[GameID "294014"]

1. e4 d6 2. d4 g6 3. Nc3 Bg7 4. f4 e6 5. Nf3 Ne7 6. Bd3 O-O 7. Be3 Nd7 8. O-O Nb6 9. a4 a5 10. Nb5 d5
11. e5 Bd7 12. Bf2 Bxb5 13. axb5 Qd7 14. Qe2 Rfc8 15. Be1 a4 16. Bb4 Nf5 17. g4 Nh6 18. h3 Kh8 19. Ng5 Ng8 20. f5 Bh6
21. fxe6
1-0

[Event "September"]
[Site "SchemingMind.com"]
[Date "2011.09.27"]
[Round "-"]
[White "hdj42"]
[Black "e_castle3"]
[Result "1/2-1/2"]
[WhiteCountry "ENG"]
[BlackCountry "PHI"]
[WhiteElo "1906"]
[WhiteRD "96"]
[BlackElo "1870"]
[BlackRD "61"]
[GameID "294041"]

1. d4 d5 2. c4 e6 3. Nc3 Nf6 4. Nf3 Be7 5. Bg5 O-O 6. e3 Re8 7. Rc1 h6 8. Bh4 g5 9. Bg3 Bf8 10. Bd3 dxc4
11. Bxc4 a6 12. Qc2 Nc6 13. Rd1 Nd5 14. Ne5 Na5 15. Bxd5 exd5 16. Ng6 fxg6 17. Qxg6+ Bg7 18. Be5 Rxe5 19. dxe5 c6 20. Ne4 Nc4
21. f4 Nxe3 22. Nf6+ Kf8 23. Rd2 Bf5 24. Nh7+ Kg8 25. Nf6+= Kh8 26. Qf7 Bxf6 27. exf6 Qf8 28. Qxb7 Re8 29. Kf2 Qxf6 30. h3 Bc8
31. Qc7 Nc4 32. Rc2 Qd4+ 33. Kg3 Qxf4+ 34. Qxf4 gxf4+ 35. Kxf4 Bd7 36. b3 Ne3 37. Rf2 c5 38. Rc1 c4 39. Rf3 Nxg2+ 40. Kg3 Ne3
41. Kf2 Nf5 42. Rd1 Nh4 43. Rf4 Ng6 44. Rf6 Re6 45. Rxe6 Bxe6 46. bxc4 dxc4 47. Rd6 Bf7 48. Rxa6 Kg7 49. Rc6 Ne5 50. Rc7 Kf6
51. a4 Nd3+ 52. Ke3 Bd5 53. a5 Nb4 54. Kd4 Ke6 55. Kc3 Na2+ 56. Kc2 c3 57. a6 Nb4+=
1/2-1/2

[Event "September"]
[Site "SchemingMind.com"]
[Date "2011.09.27"]
[Round "-"]
[White "hdj42"]
[Black "GBEDARD"]
[Result "0-1"]
[WhiteCountry "ENG"]
[BlackCountry "USA"]
[WhiteElo "1842"]
[WhiteRD "109"]
[BlackElo "2329"]
[BlackRD "80"]
[GameID "294042"]

1. d4 Nf6 2. c4 c5 3. d5 e6 4. Nc3 exd5 5. cxd5 d6 6. Nf3 g6 7. e4 Bg7 8. Be2 O-O 9. O-O Re8 10. Bd3 a6
11. Bg5 b5 12. Rc1 c4 13. Bc2 Nbd7 14. Re1 Bb7 15. Nd4 Qa5 16. a3 Nc5 17. Bd2 Qd8 18. f3 Nfxe4 19. fxe4 Bxd4+ 20. Be3 Be5
21. Bxc5 dxc5 22. Qf3 f6 23. Rb1 b4 24. axb4 cxb4 25. Na4 b3 26. Bd1 f5 27. Nc5 Qa5 28. Be2 Qxc5+ 29. Kf1 fxe4
0-1

[Event "September"]
[Site "SchemingMind.com"]
[Date "2011.10.02"]
[Round "-"]
[White "hdj42"]
[Black "Yellow"]
[Result "0-1"]
[WhiteCountry "ENG"]
[BlackCountry "INT"]
[WhiteElo "1842"]
[WhiteRD "109"]
[BlackElo "2351"]
[BlackRD "62"]
[GameID "294043"]

1. d4 d5 2. c4 c6 3. Nf3 Nf6 4. Nc3 e6 5. Bg5 h6 6. Bh4 dxc4 7. e4 g5 8. Bg3 b5 9. Be2 Nbd7 10. O-O Bb7
11. d5 exd5 12. e5 Nh5 13. e6 fxe6 14. Nd4 Nxg3 15. fxg3 Qb6 16. Kh1 c5 17. Ndxb5 O-O-O 18. Qa4 a6 19. Na3 h5 20. Rab1 h4
21. gxh4 Rxh4 22. b4 cxb4 23. Nc2 Bd6 24. h3 Rdh8 25. Bg4 Rxg4 26. Rf7 Rxh3+
0-1

[Event "September"]
[Site "SchemingMind.com"]
[Date "2011.10.02"]
[Round "-"]
[White "hdj42"]
[Black "otsenrechess"]
[Result "1-0"]
[WhiteCountry "ENG"]
[BlackCountry "HUN"]
[WhiteElo "1906"]
[WhiteRD "96"]
[BlackElo "1823"]
[BlackRD "45"]
[GameID "294044"]

1. d4 d5 2. c4 c6 3. Nf3 Nf6 4. Nc3 dxc4 5. a4 Bf5 6. e3 e6 7. Bxc4 Bb4 8. O-O Nbd7 9. Qe2 O-O 10. Ne5 Nxe5
11. dxe5 Nd7 12. e4 Bg6 13. f4 Qa5 14. f5 Qc5+ 15. Be3 Bh5 16. Qd3 Nxe5 17. Bxc5 Bxc5+ 18. Kh1 Nxd3 19. Bxd3 Rad8 20. Bc4 g5
21. f6 Rd2 22. b3 Rfd8 23. h3 Bd4 24. Rac1 Be5 25. Rfe1 Rf2 26. g4 Bg6 27. Ne2 Bxe4+ 28. Kg1 Rg2+ 29. Kf1
1-0

[Event "September"]
[Site "SchemingMind.com"]
[Date "2011.09.28"]
[Round "-"]
[White "e_castle3"]
[Black "hdj42"]
[Result "1-0"]
[WhiteCountry "PHI"]
[BlackCountry "ENG"]
[WhiteElo "1888"]
[WhiteRD "55"]
[BlackElo "1842"]
[BlackRD "109"]
[GameID "294045"]

1. e4 e6 2. d4 d5 3. exd5 exd5 4. Nf3 Nf6 5. Be2 Bd6 6. O-O O-O 7. Nc3 Bg4 8. h3 Bf5 9. Re1 c6 10. a3 Qc7
11. b4 a6 12. Bb2 Re8 13. Na4 Nbd7 14. c4 dxc4 15. Nc5 Bxc5 16. dxc5 Rad8 17. Qc1 Bd3 18. Bxd3 Nxc5 19. Bxc4 Nce4 20. Ng5 Nd2
21. Bxf7+ Kf8 22. Rxe8+ Nxe8 23. Ne6+
1-0

[Event "September"]
[Site "SchemingMind.com"]
[Date "2011.09.27"]
[Round "-"]
[White "GBEDARD"]
[Black "hdj42"]
[Result "1-0"]
[WhiteCountry "USA"]
[BlackCountry "ENG"]
[WhiteElo "2329"]
[WhiteRD "80"]
[BlackElo "1842"]
[BlackRD "109"]
[GameID "294046"]

1. e4 e6 2. d4 d5 3. Nc3 Nf6 4. Bg5 Be7 5. e5 Ne4 6. Bxe7 Qxe7 7. Nxe4 dxe4 8. Qe2 Nc6 9. c3 O-O 10. Qxe4 f5
11. exf6 Qxf6 12. Nf3 Bd7 13. Bd3 Qf5 14. Qxf5 exf5 15. Bc4+ Kh8 16. O-O-O Rae8 17. Rhe1 Rxe1 18. Rxe1 Re8 19. Rxe8+ Bxe8 20. Kd2 h6
21. d5 Ne7 22. Nd4 Bf7 23. d6 cxd6 24. Bxf7 f4 25. Kd3 g5 26. Ke4 Kg7 27. Bd5 b6 28. Nf5+ Nxf5 29. Kxf5 a6 30. h3 a5
31. Bc6 Kf7 32. a4 Kg7 33. Ke6
1-0

[Event "September"]
[Site "SchemingMind.com"]
[Date "2011.10.02"]
[Round "-"]
[White "Yellow"]
[Black "hdj42"]
[Result "1-0"]
[WhiteCountry "INT"]
[BlackCountry "ENG"]
[WhiteElo "2351"]
[WhiteRD "62"]
[BlackElo "1842"]
[BlackRD "109"]
[GameID "294047"]

1. Nf3 d5 2. d4 Nf6 3. e3 e6 4. c4 c6 5. Nc3 Nbd7 6. Bd3 dxc4 7. Bxc4 b5 8. Bd3 Bb7 9. e4 b4 10. Na4 c5
11. e5 Nd5 12. O-O cxd4 13. Re1 g6 14. Bg5 Be7 15. Bh6 Bc6 16. Nxd4 Bxa4 17. Qxa4 Bc5 18. Nf3 a6 19. Rad1 Qb6 20. Rd2 b3
21. Bc4 Bb4 22. Bxd5 Bxd2 23. Bxa8 Bxe1 24. Nxe1 bxa2 25. Qxa2 Nxe5 26. Bg7 Ng4 27. Qa4+ Ke7 28. Bd4 Qd8 29. Qb4+ Kd7 30. Qb7+ Qc7
31. Bxh8
1-0

[Event "September"]
[Site "SchemingMind.com"]
[Date "2011.10.02"]
[Round "-"]
[White "otsenrechess"]
[Black "hdj42"]
[Result "1-0"]
[WhiteCountry "HUN"]
[BlackCountry "ENG"]
[WhiteElo "2136"]
[WhiteRD "52"]
[BlackElo "1888"]
[BlackRD "103"]
[GameID "294048"]

1. e4 e6 2. d4 d5 3. Nc3 Nf6 4. Bg5 Bb4 5. e5 h6 6. Bd2 Nfd7 7. Qg4 g6 8. Nf3 Nc6 9. O-O-O Nb6 10. h4 Bf8
11. h5 g5 12. Bd3 Bd7 13. Nh2 f5 14. exf6 Qxf6 15. Nb5 O-O-O 16. Qg3 Na8 17. f4 gxf4 18. Bxf4 Bg7 19. Bxc7 Qg5+ 20. Qxg5 hxg5
21. Bxd8 Kxd8 22. Ng4 Nxd4 23. h6 Nxb5 24. hxg7
1-0

[Event "September"]
[Site "SchemingMind.com"]
[Date "2011.10.02"]
[Round "-"]
[White "emvarela"]
[Black "e_castle3"]
[Result "0-1"]
[WhiteCountry "ARG"]
[BlackCountry "PHI"]
[WhiteElo "1787"]
[WhiteRD "47"]
[BlackElo "1888"]
[BlackRD "55"]
[GameID "294073"]

1. e4 Nc6 2. d4 d5 3. e5 Bf5 4. Nf3 e6 5. Bb5 Ne7 6. O-O a6 7. Bxc6+ Nxc6 8. Bg5 Be7 9. Bxe7 Qxe7 10. c3 h6
11. Nbd2 O-O 12. a3 Nd8 13. Qb3 c6 14. c4 f6 15. cxd5 cxd5 16. exf6 Rxf6 17. Ne5 Nc6 18. g4 Bh7 19. Nxc6 bxc6 20. Qg3 Raf8
21. Rac1 Qb7 22. b4 Qb6 23. Rc5 Rf4 24. f3 Rxd4 25. Nb3 Rd3 26. Qe5 Rxb3 27. Qxe6+ Kh8 28. Qd6 Rf6 29. Qe5 Rxa3 30. Qe8+ Bg8
31. Kg2 Re6
0-1

[Event "September"]
[Site "SchemingMind.com"]
[Date "2011.10.02"]
[Round "-"]
[White "emvarela"]
[Black "GBEDARD"]
[Result "0-1"]
[WhiteCountry "ARG"]
[BlackCountry "USA"]
[WhiteElo "1787"]
[WhiteRD "47"]
[BlackElo "2329"]
[BlackRD "80"]
[GameID "294074"]

1. e4 d6 2. d4 Nf6 3. Nc3 g6 4. f4 Bg7 5. Nf3 O-O 6. Bd3 Nc6 7. e5 dxe5 8. fxe5 Nh5 9. Be3 Bg4 10. Be2 f6
11. exf6 Nxf6 12. O-O Nd5 13. Nxd5 Qxd5 14. c3 Kh8 15. h3 Bf5 16. Ng5 h6 17. Nf3 Kh7 18. Bd3 Rad8 19. Qc2 Bxd3 20. Qxd3 Rd6
21. Nd2 Rxf1+ 22. Nxf1 Rd8 23. b3 e5 24. c4 Qd6 25. d5 e4 26. Qxe4 Bxa1 27. dxc6 bxc6 28. Qh4 Bg7 29. Bxa7 c5 30. Kh1 Qd1
0-1

[Event "September"]
[Site "SchemingMind.com"]
[Date "2011.10.03"]
[Round "-"]
[White "emvarela"]
[Black "Yellow"]
[Result "0-1"]
[WhiteCountry "ARG"]
[BlackCountry "INT"]
[WhiteElo "1787"]
[WhiteRD "47"]
[BlackElo "2351"]
[BlackRD "62"]
[GameID "294075"]

1. e4 e5 2. Nf3 Nc6 3. d4 exd4 4. c3 dxc3 5. Bc4 d6 6. Nxc3 Nf6 7. O-O Be7 8. Re1 O-O 9. Bg5 Ng4 10. Bxe7 Qxe7
11. h3 Nge5 12. Nxe5 dxe5 13. Nd5 Qd6 14. Qf3 Nd4 15. Qg3 Nc2 16. Rac1 Nxe1 17. Rxe1 c6 18. Ne3 Qd4 19. b3 Qxe4 20. f3 Qd4
21. Kh2 b5 22. Nc2 Qc3
0-1

[Event "September"]
[Site "SchemingMind.com"]
[Date "2011.10.02"]
[Round "-"]
[White "emvarela"]
[Black "otsenrechess"]
[Result "1-0"]
[WhiteCountry "ARG"]
[BlackCountry "HUN"]
[WhiteElo "1815"]
[WhiteRD "51"]
[BlackElo "1823"]
[BlackRD "45"]
[GameID "294076"]

1. e4 e5 2. Nf3 Nc6 3. Bb5 f5 4. Nc3 fxe4 5. Nxe4 d5 6. Nxe5 dxe4 7. Nxc6 Qg5 8. Qe2 Nf6 9. f4 Qxf4 10. Nxa7+ Bd7
11. Bxd7+ Kxd7 12. Qb5+ Ke6 13. Qb3+ Kd7 14. Qb5+ Ke6 15. d4 e3 16. Rf1 Qh4+ 17. g3 Qxh2 18. Qe5+ Kd7 19. Bxe3 Rxa7 20. Qf5+ Kd8
21. d5 Bb4+ 22. Kd1 Re8 23. Qd3 Qxg3 24. Bd2 Qxd3 25. cxd3 Nxd5 26. Rf7
1-0

[Event "September"]
[Site "SchemingMind.com"]
[Date "2011.10.03"]
[Round "-"]
[White "emvarela"]
[Black "hdj42"]
[Result "0-1"]
[WhiteCountry "ARG"]
[BlackCountry "ENG"]
[WhiteElo "1787"]
[WhiteRD "47"]
[BlackElo "1842"]
[BlackRD "109"]
[GameID "294077"]

1. e4 e6 2. d4 d5 3. Nc3 dxe4 4. Nxe4 Bd7 5. Nf3 Bc6 6. Bd3 Nd7 7. O-O Ngf6 8. Ng3 Bd6 9. Re1 Nb6 10. Ne5 Bxe5
11. dxe5 Qd5 12. f3 Ng4 13. Be4 Qc5+
0-1

[Event "September"]
[Site "SchemingMind.com"]
[Date "2011.10.01"]
[Round "-"]
[White "e_castle3"]
[Black "emvarela"]
[Result "0-1"]
[WhiteCountry "PHI"]
[BlackCountry "ARG"]
[WhiteElo "1889"]
[WhiteRD "58"]
[BlackElo "1797"]
[BlackRD "49"]
[GameID "294078"]

1. e4 e5 2. Nf3 Nc6 3. Bb5 a6 4. Ba4 Nf6 5. O-O Be7 6. Re1 b5 7. Bb3 O-O 8. c3 d5 9. exd5 Nxd5 10. Nxe5 Nxe5
11. Rxe5 c6 12. Bxd5 cxd5 13. d4 Bd6 14. Re1 Qh4 15. g3 Qh3 16. Qf3 Bg4 17. Qg2 Rfe8 18. Be3 Qh5 19. Nd2 Re6 20. f3 Bh3
21. Qf2 Rae8 22. Re2 Bf5 23. Nf1 Bd3 24. Ree1 Bxf1 25. Kxf1 Qh3+ 26. Kg1 Rg6 27. f4 Re4 28. Bd2 f5 29. Rxe4 fxe4 30. b4 h5
31. a4 h4 32. Be1 hxg3 33. hxg3 Rf6 34. Qh2 Qg4 35. Kf1 Bxf4 36. Kg1 Be3+ 37. Kh1 Rf1+ 38. Kg2 Qf3+
0-1

[Event "September"]
[Site "SchemingMind.com"]
[Date "2011.10.01"]
[Round "-"]
[White "GBEDARD"]
[Black "emvarela"]
[Result "1-0"]
[WhiteCountry "USA"]
[BlackCountry "ARG"]
[WhiteElo "2329"]
[WhiteRD "80"]
[BlackElo "1787"]
[BlackRD "47"]
[GameID "294079"]

1. e4 e5 2. Nf3 Nc6 3. Bb5 a6 4. Ba4 Nf6 5. O-O Be7 6. Re1 b5 7. Bb3 O-O 8. c3 d5 9. exd5 Nxd5 10. Nxe5 Nxe5
11. Rxe5 c6 12. d4 Bd6 13. Re1 Qh4 14. g3 Qh3 15. Re4 g5 16. Nd2 Bf5 17. a4 Bxe4 18. Nxe4 Be7 19. Bxg5 Bxg5 20. Nxg5 Qf5
21. Nf3 Rae8 22. axb5 axb5 23. Ne5 Re6 24. h4 Kh8 25. Bc2 Qh3 26. Qh5 Nf4 27. Qxh7#
1-0

[Event "September"]
[Site "SchemingMind.com"]
[Date "2011.10.03"]
[Round "-"]
[White "Yellow"]
[Black "emvarela"]
[Result "1-0"]
[WhiteCountry "INT"]
[BlackCountry "ARG"]
[WhiteElo "2351"]
[WhiteRD "62"]
[BlackElo "1787"]
[BlackRD "47"]
[GameID "294080"]

1. Nf3 d5 2. d4 Nc6 3. c4 Bg4 4. cxd5 Bxf3 5. gxf3 Qxd5 6. e3 e5 7. Nc3 Bb4 8. Bd2 Bxc3 9. bxc3 exd4 10. cxd4 Nf6
11. Be2 O-O-O 12. O-O Qg5+ 13. Kh1 g6 14. Rb1 Nd5 15. a4 f5 16. Qb3 b6 17. Qc2 Qf6 18. Rfc1 Nde7 19. Bb5 Kb7 20. d5 Rxd5
21. Bc3 Ne5 22. f4 Qe6 23. Bxe5
1-0

[Event "September"]
[Site "SchemingMind.com"]
[Date "2011.10.01"]
[Round "-"]
[White "otsenrechess"]
[Black "emvarela"]
[Result "0-1"]
[WhiteCountry "HUN"]
[BlackCountry "ARG"]
[WhiteElo "2136"]
[WhiteRD "52"]
[BlackElo "1797"]
[BlackRD "49"]
[GameID "294081"]

1. d4 Nf6 2. c4 e6 3. Nc3 Bb4 4. Qc2 O-O 5. a3 Bxc3+ 6. Qxc3 b6 7. Bg5 Bb7 8. f3 h6 9. Bh4 d5 10. e3 Nbd7
11. cxd5 exd5 12. Bd3 Qe7 13. Bf2 c5 14. Ne2 c4 15. Bc2 a5 16. O-O b5 17. Rfe1 b4
0-1

[Event "September"]
[Site "SchemingMind.com"]
[Date "2011.10.01"]
[Round "-"]
[White "hdj42"]
[Black "emvarela"]
[Result "1-0"]
[WhiteCountry "ENG"]
[BlackCountry "ARG"]
[WhiteElo "1888"]
[WhiteRD "103"]
[BlackElo "1797"]
[BlackRD "49"]
[GameID "294082"]

1. d4 Nf6 2. c4 e6 3. Nc3 Bb4 4. Qc2 d5 5. a3 Bxc3+ 6. Qxc3 Ne4 7. Qc2 e5 8. e3 exd4 9. cxd5 Qxd5 10. Nf3 Nd6
11. Nxd4 Bd7 12. b4 Nc6 13. Bb2 Nxd4 14. Bxd4 f6 15. f3 c6 16. Rd1 Qe6 17. Bc5 Nf7 18. Bc4 Qf5 19. Qd2 Rd8 20. Qa2 Ng5
21. Bd3 Be6 22. Qd2 Nxf3+ 23. gxf3 Qxf3 24. Bg6+
1-0

[Event "September"]
[Site "SchemingMind.com"]
[Date "2011.09.30"]
[Round "-"]
[White "dvaldez"]
[Black "e_castle3"]
[Result "1-0"]
[WhiteCountry "CAN"]
[BlackCountry "PHI"]
[WhiteElo "1979"]
[WhiteRD "96"]
[BlackElo "1850"]
[BlackRD "56"]
[GameID "294165"]

1. e4 c6 2. d4 d5 3. Nc3 dxe4 4. Nxe4 Nd7 5. Bd3 Ngf6 6. Ng5 h6 7. Ne6 Qb6 8. Nxf8 Nxf8 9. Nf3 Bg4 10. c3 N8d7
11. h3 Bxf3 12. Qxf3 O-O 13. O-O Rfe8 14. a4 a5 15. Rb1 Qb3 16. Qd1 Qa2 17. b3 Nd5 18. Bb2 Nf4 19. Bc2
1-0

[Event "September"]
[Site "SchemingMind.com"]
[Date "2011.09.29"]
[Round "-"]
[White "dvaldez"]
[Black "GBEDARD"]
[Result "1/2-1/2"]
[WhiteCountry "CAN"]
[BlackCountry "USA"]
[WhiteElo "1976"]
[WhiteRD "85"]
[BlackElo "2329"]
[BlackRD "80"]
[GameID "294166"]

1. e4 d6 2. d4 Nf6 3. Nc3 g6 4. Nf3 Bg7 5. Be2 O-O 6. O-O c6 7. h3 Nbd7 8. Bg5 h6 9. Be3 e5 10. dxe5 dxe5
11. Qd2 Kh7 12. Rad1 Qe7 13. Qd6 Qxd6 14. Rxd6 Re8 15. Rfd1 Bf8 16. R6d2 Nc5 17. Rd8 Rxd8 18. Rxd8 Be7 19. Rd1 Nfxe4 20. Nxe4 Nxe4
21. Nxe5 Kg7 22. Nd7 Nf6 23. Bd4 Bxd7 24. Bxf6+ Bxf6 25. Rxd7 Re8 26. Kf1 Re7 27. Rxe7=
1/2-1/2